000 01028cab a2200289 4500
001 ABS52482
008 090401t1995 xxu||||| |||| 00| 0 eng d
035 _a(Sirsi) u81117
041 _aeng
245 _aDirector of Buildings and Lands v Shun Fung Ironworks Ltd
260 _c1995
350 _a0
490 _aAll England Law Reports
_v(1995) 1 All ER 846-870(25)
520 _aPrivy Council 20 February 1995. An appeal concerning the assessment of compensation for the compulsory acquisition of land. Considered whether the extinguishment basis or relocation basis of compensation was appropriate.
650 _aBLIGHT
650 _aBUSINESS
650 _aCHINA
650 _aCOMPENSATION
650 _aCROWN LANDS RESUMPTION ORDINANCE (HONG KONG) S10
650 _aEXTINGUISHMENT
650 _aHONG KONG
650 _aLOSSES
650 _aRELOCATION
690 _aENVIRONMENTAL AND LAND CONSULTANCY-PLANNING AND DEVELOPMENT-COMPULSORY PURCHASE AND COMPENSATION
942 _n0
948 _c04/03/1997
999 _c51115
_d51115